[Event "Czech Open Rapid 2019"]
[Site "Pardubice"]
[Date "2019.07.17"]
[Round "3.40"]
[White "Berdnyk, Mariia"]
[Black "Tesar, Jan"]
[Result "1-0"]
[WhiteElo "2179"]
[BlackElo "1901"]
[Annotator "NA"]
[PlyCount "93"]
[EventDate "2019.07.17"]
[EventType "swiss"]
[EventCountry "CZE"]
[SourceTitle "playchess.com"]
[Source "ChessBase"]
[SourceQuality "1"]

1. c4 Nc6 2. Nc3 e5 3. g3 Nf6 4. Bg2 Bc5 5. d3 O-O 6. Nf3 d6 7. O-O h6 8. a3 a5 9. Nd5 Nxd5 10. cxd5 Ne7 11. d4 exd4 12. Nxd4 Nf5 13. Nb3 Bb6 14. e4 a4 15. exf5 axb3 16. Be4 Qf6 17. g4 Re8 18. Bb1 Qh4 19. Kg2 Bd7 20. h3 Bb5 21. Bd3 Bxd3 22. Qxd3 h5 23. g5 Re1 24. Be3 Rxa1 25. Rxa1 Re8 26. Re1 Bxe3 27. Rxe3 Qxg5+ 28. Rg3 Qf6 29. Qxb3 b6 30. Qc3 Qe5 31. f6 g6 32. Qxe5 Rxe5 33. Rc3 Rxd5 34. Rxc7 Rf5 35. Rc6 Rb5 36. b4 d5 37. Kf3 g5 38. Ke3 Kh7 39. Kd4 g4 40. hxg4 h4 41. f4 Kg6 42. Rc3 Kxf6 43. Rh3 Kg6 44. Rxh4 f6 45. Rh3 Kg7 46. Rb3 Kg6 47. a4 1-0

[Event "Czech Open Rapid 2019"]
[Site "Pardubice"]
[Date "2019.07.17"]
[Round "3.41"]
[White "Sreyas Payyappat"]
[Black "Karsay, Pascal"]
[Result "1-0"]
[WhiteElo "2072"]
[BlackElo "2304"]
[Annotator "NA"]
[PlyCount "125"]
[EventDate "2019.07.17"]
[EventType "swiss"]
[EventCountry "CZE"]
[SourceTitle "playchess.com"]
[Source "ChessBase"]
[SourceQuality "1"]

1. e4 e5 2. Nf3 Nc6 3. Bc4 Nf6 4. d3 Bc5 5. c3 d6 6. h3 a5 7. O-O O-O 8. Re1 h6 9. Nbd2 Re8 10. Nf1 Be6 11. Bxe6 fxe6 12. Be3 Bxe3 13. Nxe3 Qd7 14. a4 Ne7 15. Nc4 Ng6 16. d4 exd4 17. cxd4 e5 18. Qb3 Qf7 19. d5 b6 20. Rac1 Nf4 21. Nfd2 Nd7 22. Rc3 Nc5 23. Qa3 Qd7 24. b3 Rf8 25. Ree3 Rf6 26. Nf3 Raf8 27. Qa1 Rg6 28. Nh4 Rg5 29. Qf1 Rf6 30. Nd2 Rh5 31. Nf5 Rg6 32. g4 Nxe4 33. Nxe4 Rxf5 34. Qc4 Rf7 35. Rg3 h5 36. Nd2 hxg4 37. Qe4 Rh6 38. hxg4 g5 39. Nf3 Nh3+ 40. Kg2 Rf4 41. Qc2 Rxg4 42. Rxc7 Nf4+ 43. Kg1 Ne2+ 44. Kg2 Rxg3+ 45. fxg3 Qh3+ 46. Kf2 Qxg3+ 47. Kxe2 Qg2+ 48. Ke3 Qxc2 49. Rxc2 g4 50. Rg2 Rg6 51. Nh4 Rg5 52. Nf3 Rg6 53. Nd2 Kf7 54. Nc4 Kg7 55. Nxb6 Kf6 56. Nc4 Kg5 57. Nd2 Kh4 58. Ne4 g3 59. Kf3 Rg4 60. Rg1 Rf4+ 61. Ke3 Kh3 62. Rxg3+ Kh4 63. Rf3 1-0

[Event "Czech Open Rapid 2019"]
[Site "Pardubice"]
[Date "2019.07.17"]
[Round "3.42"]
[White "Mosesov, Danylo"]
[Black "Dev, Shah"]
[Result "1-0"]
[WhiteElo "2353"]
[BlackElo "2147"]
[Annotator "NA"]
[PlyCount "107"]
[EventDate "2019.07.17"]
[EventType "swiss"]
[EventCountry "CZE"]
[SourceTitle "playchess.com"]
[Source "ChessBase"]
[SourceQuality "1"]

1. Nf3 d5 2. c4 c6 3. e3 Nf6 4. Nc3 e6 5. b3 Nbd7 6. Bb2 Bd6 7. Qc2 O-O 8. Be2 b6 9. O-O-O a5 10. Rhg1 Nc5 11. d4 Nce4 12. Bd3 Nxc3 13. Bxc3 a4 14. g4 axb3 15. axb3 Ba3+ 16. Kb1 dxc4 17. Bxc4 b5 18. Bd3 b4 19. Ba1 Qa5 20. Qc5 Qxc5 21. dxc5 Nd5 22. Ng5 g6 23. Ne4 f5 24. gxf5 exf5 25. Bc4 Be6 26. Nf6+ Rxf6 27. Bxf6 Nc3+ 28. Bxc3 Bxc4 29. Bxb4 Bxb3 30. Rd4 Bd5 31. Bxa3 Rxa3 32. Rc1 Kf7 33. Rb4 Ke6 34. Rb7 h5 35. Rg1 Kf6 36. Rd7 Rb3+ 37. Kc2 Rb5 38. Rd6+ Ke5 39. Rgxg6 Rxc5+ 40. Kd2 Ra5 41. Rd8 Ra2+ 42. Kc3 Ke4 43. Rg5 Ra3+ 44. Kb4 Rb3+ 45. Kc5 Rb5+ 46. Kd6 f4 47. Re5+ Kf3 48. Rf8 Kxf2 49. Rxf4+ Ke2 50. e4 Ke3 51. Rh4 Bf7 52. Rxb5 cxb5 53. e5 b4 54. Rxb4 1-0

[Event "Czech Open Rapid 2019"]
[Site "Pardubice"]
[Date "2019.07.18"]
[Round "4.1"]
[White "Gagare, Shardul"]
[Black "Movsesian, Sergei"]
[Result "0-1"]
[WhiteElo "2415"]
[BlackElo "2659"]
[Annotator "TA"]
[PlyCount "120"]
[EventDate "2019.07.17"]
[EventType "swiss"]
[EventCountry "CZE"]
[SourceTitle "playchess.com"]
[Source "ChessBase"]
[SourceQuality "1"]

1. e4 c5 2. Nf3 e6 3. d4 cxd4 4. Nxd4 Nc6 5. Nc3 a6 6. g3 h5 7. Bg2 h4 8. O-O d6 9. Re1 Bd7 10. a4 Be7 11. Be3 hxg3 12. hxg3 Ne5 13. b3 Rc8 14. Nde2 Ng4 15. Bf4 Qb6 16. Rf1 Qc5 17. e5 dxe5 18. Ne4 Qxc2 19. Bg5 Qxd1 20. Rfxd1 f6 21. f3 N4h6 22. Be3 Nf7 23. Rac1 Rxc1 24. Rxc1 Bc6 25. Nc5 Bxc5 26. Bxc5 Ne7 27. Nc3 Ng5 28. Ne4 Nxe4 29. fxe4 Kf7 30. Kf2 Rd8 31. Bb4 Rd3 32. Bc3 Nc8 33. Bf1 Rd7 34. Ke3 Nd6 35. Bd3 Rd8 36. Bb4 Bxe4 37. Rc7+ Kg8 38. Bxe4 Nxe4 39. g4 f5 40. Rxb7 Nf6 41. gxf5 exf5 42. Bc5 f4+ 43. Ke2 Ne4 44. Bb6 Nc3+ 45. Kf3 Rd3+ 46. Kg4 Ne4 47. Rb8+ Kh7 48. Kf5 Nf6 49. Ba7 Rd5 50. b4 f3 51. b5 e4+ 52. Ke6 axb5 53. Rxb5 Rd3 54. Re5 Ra3 55. a5 Ra2 56. Rf5 Ng4 57. Rf4 f2 58. Kf5 e3 59. Kxg4 Ra4 60. Rxa4 f1=Q 0-1

[Event "Czech Open Rapid 2019"]
[Site "Pardubice"]
[Date "2019.07.18"]
[Round "4.1"]
[White "Pulpan, Jakub"]
[Black "SYDORYKA, Vladislav"]
[Result "1/2-1/2"]
[WhiteElo "2414"]
[BlackElo "2263"]
[Annotator "TA"]
[PlyCount "76"]
[EventDate "2019.07.17"]
[EventType "swiss"]
[EventCountry "CZE"]
[SourceTitle "playchess.com"]
[Source "ChessBase"]
[SourceQuality "1"]

1. e4 c6 2. d4 d5 3. exd5 cxd5 4. Bd3 Nc6 5. c3 Qc7 6. Na3 a6 7. Nc2 Nf6 8. Bg5 Ne4 9. Bh4 Nd6 10. Ne3 e6 11. f4 Be7 12. Bxe7 Nxe7 13. Nf3 Bd7 14. a4 Rb8 15. Ne5 b5 16. axb5 Bxb5 17. O-O O-O 18. Rf2 f6 19. Bxb5 fxe5 20. Bxa6 exf4 21. Ng4 Ne4 22. Rc2 Nf5 23. Re2 h5 24. Ne5 Ne3 25. Qe1 Ng4 26. Nf3 Ra8 27. Bd3 Rxa1 28. Qxa1 Ne3 29. Ne5 Qb7 30. Ng6 Ra8 31. Qe1 Qf7 32. Bxe4 dxe4 33. Nxf4 Qxf4 34. Rxe3 Ra1 35. Qxa1 Qxe3+ 36. Kf1 Qd3+ 37. Ke1 Qe3+ 38. Kf1 Qd3+ 1/2-1/2

[Event "Czech Open Rapid 2019"]
[Site "Pardubice"]
[Date "2019.07.18"]
[Round "4.2"]
[White "Potapov, Pavel"]
[Black "Polschikov, Alexey"]
[Result "1-0"]
[WhiteElo "2577"]
[BlackElo "2344"]
[Annotator "ChessBase"]
[PlyCount "81"]
[EventDate "2019.07.17"]
[EventType "swiss"]
[EventCountry "CZE"]
[SourceTitle "playchess.com"]
[Source "ChessBase"]
[SourceQuality "1"]

1. e4 e5 2. Nf3 Nf6 3. Nxe5 d6 4. Nc4 Nxe4 5. Qe2 Qe7 6. d3 Nf6 7. Bg5 Qxe2+ 8. Bxe2 Be7 9. Nc3 Nc6 10. Nb5 Nd5 11. Bxe7 Ncxe7 12. Ne3 Bd7 13. Nxd5 Nxd5 14. Bf3 Bxb5 15. Bxd5 Bc6 16. Bxc6+ bxc6 17. Kd2 Kd7 18. Rhe1 Rhe8 19. Re3 Re6 20. Rae1 Rb8 21. b3 c5 22. Re4 Rbe8 23. R1e3 Kc6 24. Ra4 Kb6 25. Rf4 f6 26. Rxe6 Rxe6 27. Re4 Rxe4 28. dxe4 c6 29. Kd3 Kb5 30. c3 a5 31. a4+ Ka6 32. Kc4 Kb6 33. f4 g5 34. fxg5 fxg5 35. g4 h6 36. h3 Kc7 37. e5 Kd7 38. exd6 Kxd6 39. b4 cxb4 40. cxb4 axb4 41. Kxb4 1-0

[Event "Czech Open Rapid 2019"]
[Site "Pardubice"]
[Date "2019.07.18"]
[Round "4.2"]
[White "Skliba, Martin"]
[Black "Mirzoev, Emil"]
[Result "0-1"]
[WhiteElo "2306"]
[BlackElo "2493"]
[Annotator "TA"]
[PlyCount "92"]
[EventDate "2019.07.17"]
[EventType "swiss"]
[EventCountry "CZE"]
[SourceTitle "playchess.com"]
[Source "ChessBase"]
[SourceQuality "1"]

1. d4 Nf6 2. c4 Nc6 3. Nf3 d6 4. Nc3 e5 5. d5 Ne7 6. e4 Ng6 7. h4 Bg4 8. Be2 Be7 9. Ng5 Bxe2 10. Qxe2 h6 11. Nf3 O-O 12. g3 Re8 13. h5 Nf8 14. Nh4 Kh8 15. Nf5 Ng8 16. Qg4 Bf6 17. Be3 Ne7 18. O-O-O a6 19. c5 Nxf5 20. Qxf5 Nd7 21. c6 bxc6 22. dxc6 Nb8 23. Nd5 Re6 24. g4 Nxc6 25. g5 hxg5 26. h6 g6 27. Qf3 Nd4 28. Qxf6+ Rxf6 29. Bxg5 Rxf2 30. Bxd8 Rxd8 31. Rhf1 Rxf1 32. Rxf1 f5 33. Ne7 Kh7 34. exf5 gxf5 35. Nxf5 Rf8 36. Ne3 Rxf1+ 37. Nxf1 Kxh6 38. Kd2 Kg6 39. Kd3 Kf5 40. Ne3+ Ke6 41. Kc4 a5 42. b4 axb4 43. Kxb4 Kd7 44. a4 Kc6 45. a5 Kb7 46. Nc4 Ka6 0-1

[Event "Czech Open Rapid 2019"]
[Site "Pardubice"]
[Date "2019.07.18"]
[Round "4.3"]
[White "Matviishen, Viktor"]
[Black "Nagy, Gabor"]
[Result "0-1"]
[WhiteElo "2396"]
[BlackElo "2523"]
[Annotator "ChessBase"]
[PlyCount "108"]
[EventDate "2019.07.17"]
[EventType "swiss"]
[EventCountry "CZE"]
[SourceTitle "playchess.com"]
[Source "ChessBase"]
[SourceQuality "1"]

1. d4 Nf6 2. c4 e6 3. g3 c5 4. d5 exd5 5. cxd5 d6 6. Nc3 g6 7. Bg2 Bg7 8. Nf3 O-O 9. O-O Re8 10. Bf4 Bf5 11. Nd2 Nh5 12. e4 Nxf4 13. gxf4 Bc8 14. Nc4 a6 15. a4 Bf8 16. e5 Nd7 17. Re1 Rb8 18. e6 Nf6 19. f5 gxf5 20. Qd3 fxe6 21. dxe6 Bxe6 22. Nd5 Bxd5 23. Bxd5+ Kh8 24. Qxf5 Nxd5 25. Qxd5 Qf6 26. Rxe8 Rxe8 27. Ra3 Qe6 28. Qxe6 Rxe6 29. Rd3 b5 30. axb5 axb5 31. Ne3 Bg7 32. b3 Bd4 33. Kg2 Kg8 34. Nf5 Be5 35. Rd5 Kf7 36. h3 Rf6 37. Ne3 Ke6 38. Rd3 h5 39. Nd5 Rg6+ 40. Kf3 c4 41. bxc4 bxc4 42. Rd1 c3 43. Ke4 Rg2 44. Rc1 Rxf2 45. Nxc3 Rf4+ 46. Ke3 Rh4 47. Ne2 Rxh3+ 48. Kf2 h4 49. Rc8 Ra3 50. Rc4 h3 51. Rh4 h2 52. Kg2 Ra2 53. Kh1 Ra1+ 54. Kg2 Re1 0-1

[Event "Czech Open Rapid 2019"]
[Site "Pardubice"]
[Date "2019.07.18"]
[Round "4.3"]
[White "Blatny, Pavel"]
[Black "Bykova, Anastasia"]
[Result "0-1"]
[WhiteElo "2321"]
[BlackElo "2229"]
[Annotator "NA RC"]
[PlyCount "76"]
[EventDate "2019.07.17"]
[EventType "swiss"]
[EventCountry "CZE"]
[SourceTitle "playchess.com"]
[Source "ChessBase"]
[SourceQuality "1"]

1. e3 d5 2. b3 Nf6 3. Bb2 c6 4. d3 Bf5 5. Nd2 Nbd7 6. h3 e5 7. g4 Bg6 8. h4 h6 9. Bh3 Bd6 10. Ne2 Qc7 11. Ng3 e4 12. Nf5 Bxf5 13. gxf5 exd3 14. cxd3 Be5 15. Bxe5 Qxe5 16. Rc1 a5 17. Nf3 Qe7 18. Rg1 O-O 19. Kf1 Kh8 20. Kg2 Qa3 21. Qd2 Qb4 22. Qe2 Rfe8 23. Kh1 a4 24. Rb1 Ra7 25. Qf1 axb3 26. Rxb3 Qe7 27. Qg2 Rg8 28. Qg3 Nc5 29. Rc3 Rxa2 30. Qe5 Qf8 31. Qg3 Nce4 32. dxe4 Nxe4 33. Qc7 Nxf2+ 34. Kh2 Ne4+ 35. Bg2 Nxc3 36. Ne5 Qb8 37. Nxf7+ Kh7 38. Qe5 Re8 0-1

[Event "Czech Open Rapid 2019"]
[Site "Pardubice"]
[Date "2019.07.18"]
[Round "4.4"]
[White "Pechac, Jergus"]
[Black "Ptacnikova, Lenka"]
[Result "1-0"]
[WhiteElo "2469"]
[BlackElo "2074"]
[Annotator "TA"]
[PlyCount "113"]
[EventDate "2019.07.17"]
[EventType "swiss"]
[EventCountry "CZE"]
[SourceTitle "playchess.com"]
[Source "ChessBase"]
[SourceQuality "1"]

1. d4 Nf6 2. c4 e6 3. Nc3 Bb4 4. Qc2 O-O 5. e4 d6 6. a3 Bxc3+ 7. bxc3 e5 8. Bd3 h6 9. Ne2 b6 10. O-O Nc6 11. f4 Re8 12. Be3 Ba6 13. fxe5 dxe5 14. d5 Na5 15. c5 Bxd3 16. Qxd3 Nb3 17. Rab1 Nxc5 18. Bxc5 bxc5 19. Ng3 g6 20. Qe3 Kg7 21. Qxc5 Qd6 22. Qa5 a6 23. Rb7 Rec8 24. Qb4 a5 25. Qb2 Nd7 26. Rb5 Rab8 27. c4 f6 28. Qe2 Rxb5 29. cxb5 Qxa3 30. Qg4 Rd8 31. d6 Kf7 32. dxc7 Qc5+ 33. Kh1 Qxc7 34. Qd1 Nb6 35. Qf3 Rd6 36. h3 a4 37. Qa3 Rd2 38. Qe3 Qd6 39. Qxh6 Rd1 40. Qh7+ Ke6 41. Qxg6 Rxf1+ 42. Nxf1 Qd1 43. Kg1 Nd7 44. Qe8+ Kd6 45. Qa8 Qb3 46. Kh2 Qxb5 47. Ne3 Qc6 48. Nf5+ Kc5 49. Qa5+ Kc4 50. Ne3+ Kd3 51. Nd5 Kxe4 52. Nb4 Qc1 53. Qd5+ Ke3 54. Qf3+ Kd4 55. Qd5+ Ke3 56. Qxd7 Kf2 57. Nd3+ 1-0

[Event "Czech Open Rapid 2019"]
[Site "Pardubice"]
[Date "2019.07.18"]
[Round "4.4"]
[White "Vykouk, Jan"]
[Black "Gazik, Viktor"]
[Result "1-0"]
[WhiteElo "2395"]
[BlackElo "2462"]
[Annotator "TA"]
[PlyCount "73"]
[EventDate "2019.07.17"]
[EventType "swiss"]
[EventCountry "CZE"]
[SourceTitle "playchess.com"]
[Source "ChessBase"]
[SourceQuality "1"]

1. e4 c5 2. Nf3 d6 3. d4 cxd4 4. Nxd4 Nf6 5. Nc3 a6 6. Be3 g6 7. Be2 Bg7 8. g4 h6 9. f3 b5 10. Qd2 Bb7 11. O-O-O Nc6 12. Nxc6 Bxc6 13. h4 h5 14. g5 Nd7 15. f4 b4 16. Nd5 e6 17. Bd4 e5 18. fxe5 dxe5 19. Be3 a5 20. Rhf1 O-O 21. Bc4 Rc8 22. b3 Kh8 23. Nf6 Nxf6 24. gxf6 Bxf6 25. Qf2 Bxh4 26. Rxd8 Bxf2 27. Rxf8+ Rxf8 28. Rxf2 Bxe4 29. Bh6 Rc8 30. Rxf7 h4 31. Bg7+ Kg8 32. Rc7+ Kh7 33. Rxc8 Kxg7 34. Bf1 g5 35. Bh3 Bf3 36. Kd2 e4 37. Bf5 1-0

[Event "Czech Open Rapid 2019"]
[Site "Pardubice"]
[Date "2019.07.18"]
[Round "4.5"]
[White "Bagi, Mate"]
[Black "Yandarbiev, Ruslan"]
[Result "1-0"]
[WhiteElo "2418"]
[BlackElo "2256"]
[Annotator "TA"]
[PlyCount "75"]
[EventDate "2019.07.17"]
[EventType "swiss"]
[EventCountry "CZE"]
[SourceTitle "playchess.com"]
[Source "ChessBase"]
[SourceQuality "1"]

1. e4 c5 2. Nf3 d6 3. d4 Nf6 4. Nc3 cxd4 5. Qxd4 Nc6 6. Bb5 Bd7 7. Bxc6 Bxc6 8. Bg5 e6 9. O-O-O Be7 10. Qd3 O-O 11. Nd4 Qa5 12. f4 Rfd8 13. g4 Rac8 14. Kb1 a6 15. Rhe1 Be8 16. h4 h6 17. Rh1 Qc7 18. f5 Bd7 19. Bxf6 Bxf6 20. g5 hxg5 21. hxg5 Bxg5 22. fxe6 Bxe6 23. Nxe6 fxe6 24. e5 Bh6 25. exd6 Qc4 26. Qg6 Qf4 27. Rdf1 Qg5 28. Qxe6+ Kh8 29. Ne4 Qe3 30. d7 Rb8 31. Re1 Qf4 32. Nd6 Kh7 33. Ref1 Qe3 34. Qf5+ Kg8 35. Qf7+ Kh8 36. Nf5 Qg5 37. Rfg1 Rf8 38. Qxf8+ 1-0

[Event "Czech Open Rapid 2019"]
[Site "Pardubice"]
[Date "2019.07.18"]
[Round "4.5"]
[White "Sahidi, Samir"]
[Black "Escobar Medina, Andres F"]
[Result "1-0"]
[WhiteElo "2369"]
[BlackElo "2296"]
[Annotator "TA"]
[PlyCount "97"]
[EventDate "2019.07.17"]
[EventType "swiss"]
[EventCountry "CZE"]
[SourceTitle "playchess.com"]
[Source "ChessBase"]
[SourceQuality "1"]

1. Nf3 Nf6 2. c4 c5 3. g3 d5 4. cxd5 Nxd5 5. Bg2 Nc6 6. O-O e5 7. Nc3 Nc7 8. d3 Be7 9. Bd2 O-O 10. a3 b6 11. Qa4 Bd7 12. Rab1 Kh8 13. Qc2 a5 14. Rfd1 Rb8 15. Na2 Be6 16. b4 axb4 17. axb4 Bxa2 18. Qxa2 Nxb4 19. Bxb4 cxb4 20. Nxe5 Nb5 21. Nxf7+ Rxf7 22. Qxf7 Nc3 23. Re1 Nxb1 24. Rxb1 Bc5 25. Be4 Qg5 26. e3 Rf8 27. Qd5 Qxd5 28. Bxd5 Rd8 29. Bc4 g6 30. Kg2 Ra8 31. d4 Bf8 32. f4 Kg7 33. Kf3 Ra3 34. Bb3 b5 35. e4 Ra8 36. e5 Rc8 37. Re1 Rc3+ 38. Re3 Rc1 39. Ke4 Rh1 40. h4 Rc1 41. Rd3 Rc3 42. Rxc3 bxc3 43. d5 Bc5 44. d6 Kf8 45. g4 Bf2 46. h5 gxh5 47. gxh5 Bg3 48. f5 h6 49. f6 1-0

[Event "Czech Open Rapid 2019"]
[Site "Pardubice"]
[Date "2019.07.18"]
[Round "4.6"]
[White "Geller, Jakov"]
[Black "Meleshko, Volodymyr"]
[Result "1-0"]
[WhiteElo "2559"]
[BlackElo "2269"]
[Annotator "ChessBase"]
[PlyCount "59"]
[EventDate "2019.07.17"]
[EventType "swiss"]
[EventCountry "CZE"]
[SourceTitle "playchess.com"]
[Source "ChessBase"]
[SourceQuality "1"]

1. e4 e6 2. d4 d5 3. Nc3 Bb4 4. e5 Ne7 5. a3 Bxc3+ 6. bxc3 c5 7. Qg4 O-O 8. Bd3 Nbc6 9. Qh5 Ng6 10. Nf3 Qc7 11. Be3 c4 12. Bxg6 fxg6 13. Qg4 Bd7 14. h4 Rf5 15. h5 gxh5 16. Rxh5 Rxh5 17. Qxh5 Rf8 18. Kd2 Rf5 19. Qh3 Bc8 20. Rh1 h6 21. g4 Rf8 22. g5 Qf7 23. gxh6 Qxf3 24. hxg7 Qxh3 25. gxf8=Q+ Kxf8 26. Rxh3 Kg7 27. Bg5 Bd7 28. Bf6+ Kg6 29. Rg3+ Kh6 30. Rg7 1-0

[Event "Czech Open Rapid 2019"]
[Site "Pardubice"]
[Date "2019.07.18"]
[Round "4.6"]
[White "Domogaev, Sergey"]
[Black "Berdnyk, Mariia"]
[Result "1-0"]
[WhiteElo "2332"]
[BlackElo "2247"]
[Annotator "NA RC"]
[PlyCount "73"]
[EventDate "2019.07.17"]
[EventType "swiss"]
[EventCountry "CZE"]
[SourceTitle "playchess.com"]
[Source "ChessBase"]
[SourceQuality "1"]

1. d4 Nf6 2. c4 g6 3. Nc3 Bg7 4. e4 d6 5. f3 O-O 6. Bg5 Nc6 7. Nge2 a6 8. Qd2 Rb8 9. d5 Ne5 10. Ng3 c6 11. Be2 b5 12. cxb5 axb5 13. dxc6 b4 14. Nd5 Nxc6 15. Bxf6 exf6 16. O-O h5 17. Rac1 Bd7 18. Rfd1 Kh7 19. Rc4 b3 20. axb3 Rxb3 21. Qc2 Na5 22. Rcd4 h4 23. Nf1 f5 24. exf5 Bxf5 25. Qd2 Nc6 26. Rc4 Rxb2 27. Qe1 Ne5 28. Qxh4+ Bh6 29. Ng3 Kg7 30. Qd4 Rxe2 31. Nxe2 f6 32. Rc7+ Nf7 33. Re7 Bg5 34. h4 Bh6 35. Qxf6+ Kg8 36. Rxf7 Qxf6 37. Rxf6 1-0

[Event "Czech Open Rapid 2019"]
[Site "Pardubice"]
[Date "2019.07.18"]
[Round "4.7"]
[White "Bryzgalin, Kirill"]
[Black "Cerveny, Martin"]
[Result "1-0"]
[WhiteElo "2483"]
[BlackElo "2399"]
[Annotator "ChessBase"]
[PlyCount "51"]
[EventDate "2019.07.17"]
[EventType "swiss"]
[EventCountry "CZE"]
[SourceTitle "playchess.com"]
[Source "ChessBase"]
[SourceQuality "1"]

1. d4 d5 2. c4 c6 3. Nf3 Nf6 4. e3 Bf5 5. Nc3 e6 6. Be2 h6 7. O-O Nbd7 8. b3 Bd6 9. Bb2 O-O 10. a3 Qe7 11. h3 Rad8 12. b4 dxc4 13. Bxc4 e5 14. Re1 e4 15. Nd2 g5 16. f3 Bg3 17. Rf1 Bb8 18. fxe4 Bxe4 19. Ndxe4 Nxe4 20. Qh5 Qd6 21. Nxe4 Qh2+ 22. Kf2 Bf4 23. Qg6+ Kh8 24. Qxh6+ Kg8 25. Nf6+ Nxf6 26. Qg6+ 1-0

[Event "Czech Open Rapid 2019"]
[Site "Pardubice"]
[Date "2019.07.18"]
[Round "4.7"]
[White "Sysolyatin, Evgeny"]
[Black "Zpevak, Pavel"]
[Result "1/2-1/2"]
[WhiteElo "2271"]
[BlackElo "2343"]
[Annotator "TA"]
[PlyCount "114"]
[EventDate "2019.07.17"]
[EventType "swiss"]
[EventCountry "CZE"]
[SourceTitle "playchess.com"]
[Source "ChessBase"]
[SourceQuality "1"]

1. e4 c5 2. Nf3 e6 3. d4 cxd4 4. Nxd4 a6 5. Be2 Nf6 6. Nc3 Qc7 7. O-O Nc6 8. Be3 Bb4 9. Na4 O-O 10. Nxc6 bxc6 11. f4 Rb8 12. Bf3 e5 13. fxe5 Qxe5 14. Bd4 Qg5 15. e5 Ne8 16. a3 Be7 17. b4 d5 18. Qc1 Qg6 19. c4 Nc7 20. cxd5 Nxd5 21. Nc3 Be6 22. Ne4 Bg4 23. Qd1 Bf5 24. Bh5 Qe6 25. Nc5 Bxc5 26. Bxc5 Rfd8 27. Bd6 Ne3 28. Qf3 Nxf1 29. Rxf1 g6 30. Qf4 Rxd6 31. exd6 Rd8 32. Bf3 Rxd6 33. Qc1 Be4 34. Re1 f5 35. Be2 Qe5 36. Bxa6 Qd4+ 37. Kh1 Qd2 38. Bc4+ Kf8 39. Bf1 Qxc1 40. Rxc1 Ke7 41. Ra1 Kd7 42. h3 Rd2 43. Kh2 f4 44. Kg1 Kc7 45. Re1 Rd4 46. Be2 Kb6 47. Rd1 Rxd1+ 48. Bxd1 c5 49. bxc5+ Kxc5 50. Kf2 Kc4 51. Bf3 Bc2 52. Bc6 Bd1 53. Bd7 Kb3 54. a4 Kb4 55. Be8 g5 56. Bb5 h6 57. Be8 Bb3 1/2-1/2

[Event "Czech Open Rapid 2019"]
[Site "Pardubice"]
[Date "2019.07.18"]
[Round "4.8"]
[White "Potapov, Alexander"]
[Black "Mosesov, Danylo"]
[Result "0-1"]
[WhiteElo "2409"]
[BlackElo "2353"]
[Annotator "NA RC"]
[PlyCount "144"]
[EventDate "2019.07.17"]
[EventType "swiss"]
[EventCountry "CZE"]
[SourceTitle "playchess.com"]
[Source "ChessBase"]
[SourceQuality "1"]

1. d4 Nf6 2. c4 b6 3. Nc3 Bb7 4. a3 e6 5. Bg5 h6 6. Bh4 d6 7. f3 Be7 8. e3 O-O 9. Bd3 c5 10. Nge2 cxd4 11. Nxd4 Nc6 12. Nxc6 Bxc6 13. O-O Nd7 14. Bg3 a6 15. Rc1 Rc8 16. b4 Bb7 17. Qb3 Ne5 18. Be2 Bh4 19. f4 Bxg3 20. hxg3 Nd7 21. e4 Qe7 22. Bf3 Rc7 23. Rfd1 Rfc8 24. Ne2 Nf6 25. Qd3 Ne8 26. Qd4 e5 27. Qxb6 Rxc4 28. f5 Rxc1 29. Rxc1 Rxc1+ 30. Nxc1 Qc7 31. Qxc7 Nxc7 32. a4 Bc6 33. a5 Nb5 34. Nb3 Nc3 35. Nd2 Kf8 36. Kf2 Na2 37. f6 gxf6 38. Nc4 Ke7 39. Ne3 Nxb4 40. Nf5+ Kd7 41. Nxh6 Bb5 42. Nxf7 Nc6 43. g4 Nxa5 44. g5 fxg5 45. Nxg5 Nc6 46. Ke3 Nd4 47. Kd2 Ke7 48. Nh3 a5 49. Nf2 a4 50. Kc3 a3 51. Bd1 Bc4 52. Ng4 Bd3 53. Nf2 Bc4 54. Ng4 Be6 55. Ne3 Kf6 56. g3 Kg5 57. Nf1 Bf7 58. Ne3 Bg6 59. Nc4 Nb5+ 60. Kb3 Bf7 61. Be2 Nd4+ 62. Kxa3 Nxe2 63. Nxd6 Be6 64. Kb4 Nxg3 65. Kc5 Kf4 66. Ne8 Nxe4+ 67. Kb4 Bd7 68. Nc7 Nf6 69. Na6 e4 70. Nc5 e3 71. Kb3 Bb5 72. Kc2 e2 0-1

[Event "Czech Open Rapid 2019"]
[Site "Pardubice"]
[Date "2019.07.18"]
[Round "4.8"]
[White "Simacek, Pavel"]
[Black "Belyakov, Bogdan"]
[Result "0-1"]
[WhiteElo "2398"]
[BlackElo "2483"]
[Annotator "ChessBase"]
[PlyCount "82"]
[EventDate "2019.07.17"]
[EventType "swiss"]
[EventCountry "CZE"]
[SourceTitle "playchess.com"]
[Source "ChessBase"]
[SourceQuality "1"]

1. e4 e5 2. Nf3 Nc6 3. Bc4 Bc5 4. c3 Nf6 5. d4 exd4 6. cxd4 Bb4+ 7. Nbd2 Nxe4 8. d5 Ne7 9. O-O Nxd2 10. Bxd2 Bxd2 11. d6 cxd6 12. Qxd2 d5 13. Bxd5 Nxd5 14. Qxd5 O-O 15. Rfd1 d6 16. Qxd6 Qxd6 17. Rxd6 Be6 18. a3 Rfd8 19. Rxd8+ Rxd8 20. Rc1 f6 21. h3 Rd7 22. Kf1 Kf7 23. Ke2 Bd5 24. Rc3 g5 25. g3 Bc6 26. h4 Bb5+ 27. Ke3 Re7+ 28. Kd4 g4 29. Nd2 Re2 30. Rc7+ Kg6 31. Ne4 Bc6 32. h5+ Kxh5 33. Nxf6+ Kg6 34. Ng8 Bf3 35. Ne7+ Kg5 36. b4 Rxf2 37. Nc8 Rd2+ 38. Ke5 Re2+ 39. Kd4 h5 40. Nd6 h4 41. Rc5+ Kf6 0-1

[Event "Czech Open Rapid 2019"]
[Site "Pardubice"]
[Date "2019.07.18"]
[Round "4.9"]
[White "Gutman, Gennadi"]
[Black "Rasik, Vitezslav"]
[Result "1/2-1/2"]
[WhiteElo "2391"]
[BlackElo "2480"]
[Annotator "ChessBase"]
[PlyCount "96"]
[EventDate "2019.07.17"]
[EventType "swiss"]
[EventCountry "CZE"]
[SourceTitle "playchess.com"]
[Source "ChessBase"]
[SourceQuality "1"]

1. d4 d6 2. c4 g6 3. Nc3 Bg7 4. e4 Nf6 5. Nge2 a6 6. Ng3 c6 7. h4 h5 8. Bg5 b5 9. a3 O-O 10. Qd2 Nbd7 11. Bh6 bxc4 12. Bxg7 Kxg7 13. Bxc4 d5 14. Ba2 dxe4 15. O-O-O Rb8 16. Rhe1 Nb6 17. Ncxe4 Nbd5 18. Qg5 Rb5 19. Nc5 Qd6 20. Qe5 Qxe5 21. Rxe5 e6 22. Rd2 Rd8 23. Bc4 Rb6 24. Re1 a5 25. Nf1 Rb8 26. Nh2 Nb6 27. Ba2 Nfd5 28. Nf3 Nd7 29. Nxd7 Bxd7 30. g3 Be8 31. Rc2 Ne7 32. Re5 Rb5 33. Bc4 Rxe5 34. dxe5 Nf5 35. Rd2 Rb8 36. Ng5 Kf8 37. Ne4 c5 38. Kc2 Nd4+ 39. Kc3 Nf3 40. Rd6 Nxe5 41. Ba2 Ke7 42. Ra6 Bb5 43. Ra7+ Kf8 44. f4 Nc6 45. Rc7 Nd4 46. Ng5 Be8 47. Rxc5 Ne2+ 48. Kc2 Nd4+ 1/2-1/2

[Event "Czech Open Rapid 2019"]
[Site "Pardubice"]
[Date "2019.07.18"]
[Round "4.9"]
[White "Blandon, Luis Guillermo"]
[Black "Goriatchkin, Jouri"]
[Result "0-1"]
[WhiteElo "2239"]
[BlackElo "2316"]
[Annotator "TA"]
[PlyCount "108"]
[EventDate "2019.07.17"]
[EventType "swiss"]
[EventCountry "CZE"]
[SourceTitle "playchess.com"]
[Source "ChessBase"]
[SourceQuality "1"]

1. Nf3 d5 2. g3 c6 3. Bg2 Bf5 4. O-O Nd7 5. d3 Ngf6 6. Nbd2 e5 7. c4 d4 8. Ng5 Be7 9. Nge4 O-O 10. f4 exf4 11. Rxf4 g6 12. b3 Nxe4 13. Nxe4 Nc5 14. Nxc5 Bxc5 15. Rxf5 gxf5 16. Qf1 Qf6 17. Be4 Rfe8 18. Bxf5 Kh8 19. Bd2 Re5 20. Be4 Qxf1+ 21. Rxf1 Kg7 22. Rf4 h5 23. Bf3 Rd8 24. g4 h4 25. Be4 Be7 26. Rf3 Bg5 27. Be1 Rde8 28. Bf2 c5 29. Kg2 b6 30. a3 a5 31. Be1 f6 32. h3 a4 33. bxa4 R8e7 34. a5 bxa5 35. Bxa5 Ra7 36. Bb6 Rxa3 37. Rf5 Ra2 38. Bxc5 Rxf5 39. Bxf5 Rxe2+ 40. Kg1 Be3+ 41. Kh1 Kh6 42. Bd6 Rc2 43. c5 Kg5 44. Be4 Bf4 45. Be7 Be5 46. Kg1 Kf4 47. c6 Kg3 48. Kf1 Kxh3 49. g5 fxg5 50. Bxg5 Kg3 51. Bd8 h3 52. Bb6 h2 53. Ba5 Rf2+ 54. Ke1 Rf3 0-1